Champions League Sieger - Sudden Death - Statistiken

Allgemein
  • Dieses Quiz wurde 110.927 mal gespielt
    106.927 seit der letzten Aktualisierung
  • Das Durchschnittsergebnis liegt bei 12 aus 24
Answers on the Grid
Answers color-coded by a green-red scale on the quiz's grid according to % correct below.
Real Madrid
AC Mailand
Bayern München
Liverpool FC
FC Barcelona
Ajax Amsterdam
Inter Mailand
Manchester United
Juventus Turin
Benfica Lissabon
FC Chelsea
Nottingham Forest
FC Porto
Borussia Dortmund
Steaua Bukarest
Celtic Glasgow
Hamburger SV
Manchester City
Olympique Marseille
Paris Saint-Germain
Feyenoord Rotterdam
Aston Villa
PSV Eindhoven
Roter Stern Belgrad
Glasgow Rangers
FC Schalke 04
SSC Neapel
AEK Athen
FC Arsenal
Tottenham Hotspurs
FC Sevilla
Atlético Madrid
Olympique Lyon
Udinese Calcio
AS Rom
Eintracht Frankfurt
Bayer Leverkusen
FC Valencia
Sporting Lissabon
Dynamo Kiew
 
Antwortstatistiken
Antwort % Korrekt
Bayern München
64%
FC Barcelona
64%
Real Madrid
64%
Liverpool FC
62%
Manchester City
61%
FC Chelsea
59%
Paris Saint-Germain
59%
Manchester United
58%
Borussia Dortmund
57%
Inter Mailand
57%
AC Mailand
56%
Juventus Turin
52%
Ajax Amsterdam
51%
Hamburger SV
51%
FC Porto
44%
Nottingham Forest
42%
Roter Stern Belgrad
38%
Olympique Marseille
36%
Benfica Lissabon
35%
PSV Eindhoven
32%
Feyenoord Rotterdam
31%
Aston Villa
30%
Celtic Glasgow
30%
Steaua Bukarest
29%
Keine übereinstimmenden Quizze gefunden
Verteilung der Resultate
Anzahl Personen mit jedem Resultat
Perzentil nach korrekt beantworteten Fragen
Ihre Resultats-Entwicklung
Sie haben dieses Quiz seit der letzten Aktualisierung nicht gespielt